000 01063nam2a22002411 4500
001 rc\1107603
005 20250621234026.0
035 _a(NLR Aleph) 005979907
090 _a7017620
_c7017620
100 _a20041126d1982 |||y0rusy50 ca
101 0 _arus
102 _aRU
105 _aa |||||||||
200 0 _aВып.2
210 _d1982
_aБ. м.
215 _a288 с.
_cпортр., нот. ил.
300 _aС Вып. 3 (1984) хранится в журн. фонде (ш. П 31/425) см. каталог период. изд.
461 0 _1001rc\1189378
_12001#$aКомпозиторы Российской Федерации$eСб. статей$f[Союз композиторов РСФСР$gРед.-сост. В.И. Казенин]$vВып.2
_96962228
_cМ.
_d1981
_f[Союз композиторов РСФСР
_nСов. композитор
_oСб. статей
_tКомпозиторы Российской Федерации
_vВып.2
801 0 _aRU
_bNLR
_gpsbo
801 1 _aRU
_bELAR
_2rusmarc
852 _aNLR
_j81-2/2922
942 _cBOOK
980 _aNB